Online
Catalog

Quinta estación : (Record no. 18425)

MARC details
000 -CABECERA
campo de control de longitud fija 00609nam a2200193 a 4500
001 - NÚMERO DE CONTROL
campo de control 000018907
005 - FECHA Y HORA DE LA ÚLTIMA TRANSACCIÓN
campo de control 20200929165859.0
008 - DATOS DE LONGITUD FIJA--INFORMACIÓN GENERAL
campo de control de longitud fija 100520s1972 cr r 000 p spa d
040 ## - FUENTE DE LA CATALOGACIÓN
Centro catalogador/agencia de origen DO-SdBNP
Lengua de catalogación spa
Centro/agencia transcriptor BNPHU
082 ## - NÚMERO DE LA CLASIFICACIÓN DECIMAL DEWEY
Número de clasificación G861.44
Número de documento/Ítem C268q
100 1# - ENTRADA PRINCIPAL--NOMBRE DE PERSONA
Nombre de persona Cardoza y Aragón, Luis,
Fechas asociadas al nombre 1904-
9 (RLIN) 40696
245 10 - MENCIÓN DE TÍTULO
Título Quinta estación :
Resto del título obra poética /
Mención de responsabilidad, etc. Luis Cardoza y Aragón.
260 ## - PUBLICACIÓN, DISTRIBUCIÓN, ETC.
Lugar de publicación, distribución, etc. San José, Costa Rica :
Nombre del editor, distribuidor, etc. Educa,
Fecha de publicación, distribución, etc. 1972.
300 ## - DESCRIPCIÓN FÍSICA
Extensión 259 [5] p.
490 0# - MENCIÓN DE SERIE
Mención de serie Séptimo día
650 #4 - PUNTO DE ACCESO ADICIONAL DE MATERIA--TÉRMINO DE MATERIA
Término de materia o nombre geográfico como elemento de entrada Poesía guatemalteca
9 (RLIN) 14068
650 #4 - PUNTO DE ACCESO ADICIONAL DE MATERIA--TÉRMINO DE MATERIA
Término de materia o nombre geográfico como elemento de entrada Literatura guatemalteca
Subdivisión cronológica SIGLO XX
9 (RLIN) 24228
830 #0 - PUNTO DE ACCESO ADICIONAL DE SERIE-TÍTULO UNIFORME
Título uniforme Séptimo día
9 (RLIN) 24471
Holdings
Estado de retiro Estado de pérdida Restricciones de uso No para préstamo Código de colección Localización permanente Ubicación/localización actual Ubicación en estantería Fecha de adquisición Número de inventario Total de préstamos Signatura topográfica completa Código de barras Fecha visto por última vez Precio válido a partir de Tipo de ítem Koha Número de copia
      Excluido de préstamo Monografías: Libros y Folletos General General Depósito 20.05.2010 LF1   G861.44 C268q 18907-10 25.06.2020 25.06.2020 No se presta  
  Extraviado   Excluido de préstamo Monografías: Libros y Folletos General General Extraviado 30.03.2017 LF1   G861.44 C268q 18907-20 25.06.2020 25.06.2020 No se presta e. 2

Powered by Koha